Guia per a la contractació d'obres en l'administració local / M. Goretti Valls i Hausmann
ISBN:
84-7794-175-0
Descripción Física:
47 p. ; 30 cm
Colección:
Papers de gestió ; 2
MARC
| LEADER | 00000nam a2200000Ia 4500 | ||
|---|---|---|---|
| 001 | 10322 | ||
| 008 | 160829s1992 xx 000 0 cat d | ||
| 020 | |a 84-7794-175-0 | ||
| 080 | |a M-3-131 | ||
| 100 | |a Valls Hausmann, M. Goretti |9 31951 | ||
| 245 | |a Guia per a la contractació d'obres en l'administració local / M. Goretti Valls i Hausmann | ||
| 260 | |a Barcelona : |b Diputació de Barcelona, Servei d'Acció Local, |c 1992 | ||
| 300 | |a 47 p. ; |c 30 cm | ||
| 490 | |a Papers de gestió ; 2 | ||
| 590 | |a Conté un annex: 'Proposta de cronograma per al seguiment de les obres'. | ||
| 590 | |a Títol a la coberta: Programa d'Assessorament Municipal en Gestió d'Obres. | ||
| 650 | |a Construcció |x Contractes i especificacions |9 31952 | ||
| 650 | |a Obres públiques |9 38683 | ||
| 710 | 1 | |a Barcelona (Catalunya : Província). |b Servei d'Acció Local |9 55536 | |
| 901 | |a Arxiu | ||
| 942 | |n 1 | ||
| 952 | |0 0 |1 0 |4 0 |6 M3131 |7 1 |9 48534 |a Arxiu |b Arxiu |d 2016-12-01 |l 0 |o M-3-131 |p 10322 |r 2016-12-01 00:00:00 |w 2016-12-01 |y ARXIU | ||
| 999 | |c 52363 |d 52363 | ||